MARC

Tag First Indicator Second Indicator Subfields
LEADER 00000cam a2200000 a 4500
001 in00000088372
005 20230706121003.0
008 830315s1982 caua b 101 0 eng
010 |a  82179801  
019 |a 8471321  |a 14008762  |a 15381643 
020 |a 0938994190 
020 |a 9780938994190 
029 1 |a AU@  |b 000002854831 
035 |a (OCoLC)ocm08462818  
035 |a (OCoLC)8462818  |z (OCoLC)8471321  |z (OCoLC)14008762  |z (OCoLC)15381643 
035 |a (OCoLC)ocm08462818  
040 |a DLC  |b eng  |c DLC  |d OCL  |d BTCTA  |d YDXCP  |d UBY  |d BDX  |d OCLCO  |d OCLCF  |d OCLCQ  |d OCLCO  |d OCL  |d OCLCO  |d OCLCA  |d TXHLS  |d OCLCO 
050 0 0 |a TL950  |b .N367 1982 
050 1 4 |a TA401.3  |b .I585a vol.27 1982 
082 0 0 |a 620.1/1  |2 19 
111 2 |a National SAMPE Symposium and Exhibition  |n (27th :  |d 1982 :  |c San Diego, Calif.) 
245 1 0 |a Materials overview for 1982 :  |b 27th National SAMPE Symposium and Exhibition, Town and Country Hotel, San Diego, California, May 4-6, 1982 /  |c Society for the Advancement of Material and Process Engineering. 
260 |a Azusa, Calif. :  |b The Society,  |c ©1982. 
300 |a xviii, 1062 :  |b illustrations ;  |c 24 cm. 
336 |a text  |b txt  |2 rdacontent 
337 |a unmediated  |b n  |2 rdamedia 
490 1 |a Science of advanced materials and process engineering series ;  |v v. 27 
504 |a Includes bibliographical references and index. 
530 |a Also issued online. 
650 0 |a Space vehicles  |x Materials  |v Congresses. 
650 0 |a Airplanes  |x Materials  |v Congresses. 
650 0 |a Materials  |x Testing  |v Congresses. 
650 6 |a Véhicules spatiaux  |x Matériaux  |v Congrès. 
650 6 |a Avions  |x Matériaux  |v Congrès. 
650 6 |a Matériaux  |x Essais  |v Congrès. 
650 7 |a Airplanes  |x Materials.  |2 fast  |0 (OCoLC)fst00803290 
650 7 |a Materials  |x Testing.  |2 fast  |0 (OCoLC)fst01011882 
650 7 |a Space vehicles  |x Materials.  |2 fast  |0 (OCoLC)fst01128036 
650 7 |a Aircraft construction materials.  |2 nasat 
650 7 |a Conferences.  |2 nasat 
650 7 |a Materials tests.  |2 nasat 
650 7 |a Spacecraft construction materials.  |2 nasat 
650 7 |a Production engineering.  |2 nasat 
655 7 |a Conference papers and proceedings.  |2 fast  |0 (OCoLC)fst01423772 
710 2 |a Society for the Advancement of Material and Process Engineering. 
776 0 8 |i Online version:  |a National SAMPE Symposium and Exhibition (27th : 1982 : San Diego, Calif.).  |t Materials overview for 1982.  |d Azusa, Calif. : The Society, ©1982  |w (OCoLC)560416586 
830 0 |a Science of advanced materials and process engineering series ;  |v v. 27. 
938 |a Brodart  |b BROD  |n 39153657  |c $55.00 
938 |a Baker and Taylor  |b BTCP  |n 82179801 
938 |a YBP Library Services  |b YANK  |n 1121603 
948 |h NO HOLDINGS IN TXA - 77 OTHER HOLDINGS 
994 |a Z0  |b TXA 
999 f f |s 4f16b18a-06ed-35c1-9b33-fcb32aa642c7  |i 231511c3-f803-317d-841b-06636de61c66  |t 0 
952 f f |p ric  |a Texas A&M University  |b Rellis Campus  |c Joint Library Facility  |s JLF  |d Remote Storage  |t 0  |e TA401.3 N368 1982  |h Library of Congress classification  |i unmediated -- volume  |m A14805922474